MARC

LEADER 00000nam0a2200000 4500
001 141884
005 20231031142551.0
010 |a 354065903X 
035 |a (RuTPU)RU\TPU\book\153782 
090 |a 141884 
100 |a 20080828d1999 k y0engy50 ba 
101 0 |a eng 
102 |a DE 
105 |a a z 001zy 
200 1 |a Automotive Transmissions. Fundamentals, Selection, Desigh and Application  |f G. Lechner, H. Naunheimer 
210 |a Berlin  |c Springer  |d 1999 
215 |a 448 p.  |c il. 
320 |a References: p. 419-438. 
320 |a Index: p. 439-448. 
610 1 |a автоматические передачи 
610 1 |a машины 
610 1 |a механизмы 
610 1 |a автомобили 
610 1 |a передаточные механизмы 
610 1 |a трансмиссии 
610 1 |a автомобильные трансмиссии 
610 1 |a конструкции 
610 1 |a расчет 
610 1 |a английский язык 
675 |a 621.85  |v 3 
700 1 |a Lechner  |b G.  |g Gisbert 
701 1 |a Naunheimer  |b H.  |g Harald 
801 1 |a RU  |b 63413507  |c 20080828  |g PSBO 
801 2 |a RU  |b 63413507  |c 20080926  |g PSBO 
942 |c BK